000 00682nam a2200289Ia 4500
005 20260324142514.0
008 008 260324s9999 xx 000 0 eng d
020 _a9780429479915
037 _aEBOOK
040 _aCRL
040 _beng
040 _cCRL
041 _2eng
041 _aeng
084 _qCRL
100 _aRobert J. Stoller
_91176370
245 0 _aSex and Gender
245 4 _bThe Development of Masculinity and Femininity
260 _bTaylor and Francis
260 _c1994
365 _a
365 _b230
856 _uhttp://www.taylorfrancis.com/books/9780429479915
942 _cEBOOK
999 _c1816471
_d1816471